Statistics for Jump between World Capitals: Most Isolated from previously listed ones

Click here to take the quiz!

General Stats

  • This quiz has been taken 41 times
  • The average score is 41 of 196

Answer Stats

D1
D2
CAPITAL CITY % Correct
2,330 .
2,717
CANBERRA
canberra madrid
92%
18,057 .
503
LISBON
lisbon canberra S
75%
10,205 .
11,345
SANTIAGO
canberra lisbon D
67%
6,588 .
8,685
MEXICO CITY
canberra dhaka M
58%
8,437 .
8,929
MASERU
santiago lisbon M
58%
8,994 .
9,173
DHAKA
lisbon dhaka M
58%
3,449 .
3,809
NUKU'ALOFA
maseru asmara
50%
2,950 .
3,317
REYKJAVIK
dhaka port louis
50%
2,822 .
3,211
MALE
dhaka moscow
50%
3,599 .
4,811
OTTAWA
majuro canberra
50%
3,014 .
3,055
ULAANBAATAR
lisbon paramaribo
50%
5,091 .
5,347
ASMARA
santiago mexico city
50%
4,523 .
4,897
TOKYO
lisbon asmara
50%
5,239 .
8,784
MAJURO
maseru lisbon A
50%
3,909 .
3,954
SAO TOME
canberra tokyo
42%
2,681 .
3,128
QUITO
dili dhaka
42%
3,914 .
4,485
MOSCOW
asmara maseru
42%
2,377 .
2,868
PORT MORESBY
canberra nuku'alofa
42%
1,734 .
2,191
VICTORIA
praia sao tome
42%
2,770 .
2,797
TASHKENT
paramaribo mexico city
42%
2,523 .
3,007
BRASILIA
asmara maseru
42%
3,809 .
5,116
DILI
mexico city paramaribo
42%
1,685 .
1,875
SUCRE
manila dili
42%
3,190 .
4,421
PORT LOUIS
tokyo dhaka
42%
4,648 .
4,987
PARAMARIBO
majuro dhaka
42%
2,989 .
3,603
PRAIA
lisbon moscow
42%
1,616 .
1,754
HANOI
mexico city quito
33%
1,683 .
2,040
MELEKEOK
dhaka manila
33%
1,597 .
1,611
MANAGUA
sao tome bamako
33%
1,562 .
1,649
OSLO
nuku'alofa port-vila
33%
1,508 .
1,742
BASSETERRE
ljubljana nicosia
33%
1,520 .
1,556
FUNAFUTI
paramaribo nassau
33%
1,563 .
1,629
BAKU
ljubljana moscow
33%
1,593 .
2,505
N'DJAMENA
nicosia tashkent
33%
2,262 .
2,327
NASSAU
tashkent asmara
33%
2,330 .
2,425
WELLINGTON
asmara moscow
33%
2,391 .
2,611
MANILA
dili canberra
33%
2,644 .
2,873
SINGAPORE
paramaribo santiago
33%
1,695 .
2,120
BAMAKO
santiago brasilia
33%
2,265 .
2,310
NICOSIA
ottawa mexico city
33%
2,404 .
2,704
DODOMA
singapore dili
33%
1,769 .
2,462
PORT-VILA
port louis dodoma
33%
1,936 .
1,993
LJUBLJANA
nuku'alofa port moresby
33%
2,193 .
2,254
MUSCAT
moscow nicosia
33%
1,022 .
1,094
ALGIERS
majuro honiara
25%
979 .
1,249
YAREN
n'djamena sao tome
25%
1,048 .
1,073
ASUNCION
tripoli lisbon
25%
939 .
1,388
BANGUI
antananarivo dodoma
25%
1,051 .
1,142
PHNOM PENH
sucre montevideo
25%
920 .
1,027
MORONI
nicosia chisinau
25%
1,054 .
1,745
ANTANANARIVO
hanoi singapore
25%
1,100 .
1,412
NIAMEY
port louis harare
25%
876 .
1,046
NOUAKCHOTT
basseterre port-au-prince
25%
844 .
845
RIGA
managua quito
25%
1,104 .
1,146
CHISINAU
bamako n'djamena
25%
876 .
1,067
CARACAS
moscow oslo
25%
886 .
1,148
APIA
praia bamako
25%
915 .
961
ACCRA
singapore bandar seri begawan
25%
888 .
1,027
PORT-AU-PRINCE
nuku'alofa funafuti
25%
917 .
1,087
ATHENS
niamey sao tome
25%
894 .
1,527
JAKARTA
nassau basseterre
25%
1,341 .
1,973
MONTEVIDEO
maseru dodoma
25%
1,467 .
1,877
TRIPOLI
majuro port moresby
25%
1,316 .
1,479
LIMA
dodoma asmara
25%
1,343 .
1,401
MOGADISHU
santiago sucre
25%
1,425 .
1,578
NEW DELHI
victoria dodoma
25%
1,115 .
2,049
ASTANA
ljubljana moscow
25%
1,460 .
2,181
PALIKIR
dhaka tashkent
25%
1,303 .
1,411
JUBA
port-vila port moresby
25%
1,323 .
1,386
HARARE
quito sucre
25%
1,233 .
1,234
KUWAIT CITY
manila pyongyang
25%
1,289 .
1,402
HONIARA
tokyo ulaanbaatar
25%
1,157 .
1,600
TAIPEI
tashkent baku
25%
1,244 .
1,573
LUANDA
baku muscat
25%
1,256 .
1,297
BANDAR SERI BEGAWAN
sao tome windhoek
25%
1,287 .
1,810
PYONGYANG
maseru harare
25%
1,281 .
1,550
WINDHOEK
oslo reykjavik
25%
1,268 .
1,497
DUBLIN
manila singapore
25%
166 .
205
BANJUL
vaduz luxembourg
17%
170 .
449
TBILISI
dakar bissau
17%
172 .
261
VILNIUS
yerevan baku
17%
159 .
311
BERN
porto-novo accra
17%
262 .
390
SARAJEVO
gaborone maseru
17%
173 .
187
BRUSSELS
minsk riga
17%
259 .
401
PRETORIA
port-au-prince kingston
17%
247 .
721
SANTO DOMINGO
rome ljubljana
17%
158 .
168
LOME
port-of-spain castries
17%
214 .
252
VIENNA
montevideo asuncion
17%
198 .
243
BELGRADE
pyongyang beijing
17%
202 .
1,034
BUENOS AIRES
sarajevo pristina
17%
218 .
239
TEGUCIGALPA
budapest prague
17%
218 .
241
BEIRUT
san salvador managua
17%
194 .
955
SEOUL
pristina sarajevo
17%
186 .
304
TIRANA
castries port-of-spain
17%
176 .
296
SOFIA
bujumbura kampala
17%
177 .
343
GUATEMALA CITY
pristina bucharest
17%
180 .
339
BRIDGETOWN
san salvador belmopan
17%
176 .
376
KIGALI
amsterdam luxembourg
17%
675 .
801
KATHMANDU
majuro yaren
17%
747 .
1,004
KABUL
nuku'alofa funafuti
17%
765 .
2,172
COLOMBO
tashkent new delhi
17%
744 .
1,067
SUVA
dhaka hanoi
17%
736 .
1,023
NAYPYIDAW
ottawa nassau
17%
728 .
772
BOGOTA
ljubljana oslo
17%
732 .
1,534
WASHINGTON
quito panama
17%
766 .
1,176
MONROVIA
male dhaka
17%
767 .
892
ABUJA
bamako accra
17%
810 .
1,170
BEIJING
baku tashkent
17%
814 .
1,025
PANAMA CITY
pyongyang ulaanbaatar
17%
781 .
999
ASHGABAT
dublin ljubljana
17%
780 .
966
PARIS
dodoma juba
17%
771 .
943
BUJUMBURA
niamey n'djamena
17%
724 .
838
BERLIN
asmara juba
17%
698 .
916
ADDIS ABABA
nouakchott monrovia
17%
227 .
285
SAN MARINO
amman nicosia
17%
687 .
988
KHARTOUM
dhaka new delhi
17%
4 .
225
VATICAN CITY
17%
689 .
810
BISSAU
asmara addis ababa
17%
315 .
997
KUALA LUMPUR
tashkent kabul
8%
346 .
565
GEORGETOWN
paris amsterdam
8%
327 .
609
PORTO-NOVO
singapore phnom penh
8%
339 .
511
SAN JOSE
accra abuja
8%
305 .
446
DUSHANBE
yaounde sao tome
8%
355 .
484
COPENHAGEN
paramaribo port-of-spain
8%
301 .
440
ABU DHABI
paris amsterdam
8%
280 .
444
PRAGUE
pristina ljubljana
8%
287 .
319
LUXEMBOURG
berlin budapest
8%
344 .
358
LONDON
managua panama
8%
303 .
378
LIBREVILLE
doha muscat
8%
303 .
441
MALABO
sao tome malabo
8%
84 .
175
DAMASCUS
helsinki riga
8%
78 .
153
SKOPJE
amman damascus
8%
82 .
280
TALLINN
pristina tirana
8%
71 .
217
JERUSALEM
vienna budapest
8%
55 .
161
BRATISLAVA
brazzaville luanda
8%
357 .
403
VALLETTA
berlin oslo
8%
7 .
549
KINSHASA
rome san marino
8%
95 .
134
KINGSTOWN
beirut amman
8%
95 .
206
SAINT JOHN'S
castries saint george's
8%
150 .
301
MBABANE
doha riyadh
8%
150 .
262
ROSEAU
maputo pretoria
8%
140 .
423
MANAMA
tirana pristina
8%
131 .
158
PODGORICA
freetown bissau
8%
117 .
267
ZAGREB
basseterre roseau
8%
126 .
332
CONAKRY
ljubljana vienna
8%
155 .
229
SAINT GEORGE'S
castries basseterre
8%
660 .
726
YAOUNDE
algiers paris
8%
539 .
687
GABORONE
phnom penh naypyidaw
8%
537 .
810
BANGKOK
baku ashgabat
8%
553 .
860
NAIROBI
maseru maputo
8%
553 .
992
BRAZZAVILLE
dodoma bujumbura
8%
554 .
932
HAVANA
luanda yaounde
8%
536 .
669
TEHRAN
nicosia athens
8%
529 .
820
ANKARA
berlin riga
8%
503 .
513
KAMPALA
andorra la vella ljubljana
8%
517 .
635
TUNIS
nairobi juba
8%
517 .
888
LILONGWE
tripoli algiers
8%
518 .
561
WARSAW
harare dodoma
8%
556 .
921
BAGHDAD
nassau belmopan
8%
561 .
946
RABAT
kuwait city baku
8%
625 .
914
MAPUTO
nicosia athens
8%
627 .
1,121
BELMOPAN
maseru harare
8%
652 .
708
ANDORRA LA VELLA
managua mexico city
8%
661 .
704
TARAWA
sao tome abuja
8%
599 .
1,119
CAIRO
caracas basseterre
8%
586 .
744
PORT-OF-SPAIN
accra monrovia
8%
564 .
649
PRISTINA
lisbon algiers
8%
566 .
918
SANA'A
athens ljubljana
8%
573 .
740
DOHA
asmara addis ababa
8%
579 .
613
YAMOUSSOUKRO
kuwait city muscat
8%
498 .
616
MONACO
andorra la vella lisbon
8%
494 .
503
MADRID
doha kuwait city
8%
398 .
613
LUSAKA
ljubljana warsaw
8%
381 .
545
BUDAPEST
port-of-spain basseterre
8%
400 .
413
VADUZ
harare lilongwe
8%
402 .
433
KIEV
ljubljana monaco
8%
403 .
476
MINSK
chisinau minsk
8%
372 .
408
CASTRIES
bissau nouakchott
8%
371 .
406
DAKAR
kabul new delhi
8%
361 .
455
FREETOWN
chisinau pristina
8%
362 .
396
SAN SALVADOR
monrovia bissau
8%
362 .
397
HELSINKI
managua belmopan
8%
368 .
690
ISLAMABAD
riga stockholm
8%
415 .
703
OUAGADOUGOU
riga warsaw
8%
417 .
443
STOCKHOLM
niamey bamako
8%
475 .
783
KINGSTON
monaco ljubljana
8%
479 .
954
BISHKEK
port-au-prince nassau
8%
479 .
517
VIENTIANE
tashkent astana
8%
489 .
533
RIYADH
hanoi bangkok
8%
464 .
488
ROME
baku baghdad
8%
457 .
759
YEREVAN
sana'a addis ababa
8%
423 .
427
THIMPHU
oslo riga
8%
429 .
494
AMMAN
dhaka kathmandu
8%
430 .
579
AMSTERDAM
nicosia cairo
8%
432 .
558
DJIBOUTI
paris berlin
8%
357 .
444
BUCHAREST
tripoli tunis
8%

Score Distribution

Percentile by Number Answered

Percent of People with Each Score

Your Score History

You have not taken this quiz